| 000 | 00456nam a2200169Ia 4500 | ||
|---|---|---|---|
| 008 | 210716s2007 xx 000 0 und d | ||
| 020 | _a8131408191 | ||
| 041 | _aeng | ||
| 082 | _a657 SUJB | ||
| 100 | _aSujatha, B. | ||
| 245 |
_aAccounting standards in india: towards convergence. _bTowards convergence. |
||
| 250 | _a1 | ||
| 260 |
_aHyderabad _bICFAI University Press _c2007 |
||
| 300 | _ax,215 | ||
| 650 | _aAccounting(657) | ||
| 700 | _aSujatha, B. | ||
| 999 |
_c202447 _d202447 |
||